| 000 | 00566nam a2200169Ia 4500 | ||
|---|---|---|---|
| 008 | 090711s9999 xx 000 0 und d | ||
| 082 | _b50781 | ||
| 100 | _aओक वा. दा. | ||
| 245 | _aकवितासंग्रह (भाग 1) | ||
| 260 |
_b"निर्णयसागर मुद्रणालय," _c1910 |
||
| 300 | _a612 | ||
| 600 | _aओक वा. दा. | ||
| 630 | _aकवितासंग्रह (भाग 1) | ||
| 700 | _aओक वा. दा. | ||
| 730 | _aकवितासंग्रह (भाग 1) | ||
| 942 | _cBOOK | ||
| 999 |
_c289546 _d289546 |
||